[Event "POL-chT3"]
[Site "Jastrzebia Gora POL"]
[Date "2015.??.??"]
[Round "9.93"]
[White "Budnik, Mateusz"]
[Black "Szewczyk, Grzegorz"]
[Result "1/2-1/2"]
[WhiteElo "1981"]
[BlackElo "1989"]
[EventDate "2015.??.??"]
[WhiteTitle "I++"]
[BlackTitle "I++"]

1.e4 e5 2.Nf3 Nc6 3.Bb5 a6 4.Bxc6 dxc6 5.d4 exd4 6.Qxd4 Qxd4 7.Nxd4 Bd7 8.
Nc3 O-O-O 9.Be3 Bb4 10.O-O-O Bxc3 11.bxc3 Ne7 12.Bf4 Rhe8 13.Rhe1 Ng6 14.
Bg3 f6 15.Nb3 b6 16.f3 a5 17.Kb2 a4 18.Nc1 h5 19.h3 h4 20.Bh2 Ne5 21.Bxe5 
fxe5 22.Nd3 g5 23.Nb4 Kb7 24.Rd2 Bc8 25.Red1 Rxd2 26.Rxd2 b5 27.Nd3 Kb6 
28.Nf2 Kb7 29.Nd3 Kb6 30.Nf2 Kb7 31.Nd1 Be6 32.a3 c5 33.Ne3 c4 34.Ng4 Bxg4
35.hxg4 Kc6 36.Rd5 Re6 37.Rd8 Rg6 38.Kc1 Rg7 39.Rf8 Rg6 40.Rf7 Kd6 41.Rf5 
c6 42.Rf7 Ke6 43.Rc7 Kd6 44.Rc8 Rg7 45.Rd8+ Kc7 46.Ra8 Kd6 47.Re8 Rg6 48.
Rb8 Kc7 1/2-1/2

[Event "POL-chT3"]
[Site "Jastrzebia Gora POL"]
[Date "2015.??.??"]
[Round "9.94"]
[White "Olesiak, Marcin"]
[Black "Zolnierowicz, Krzysztof"]
[Result "1-0"]
[WhiteElo "1971"]
[BlackElo "2043"]
[EventDate "2015.??.??"]
[WhiteTitle "I+"]
[BlackTitle "IM"]

1.d4 d5 2.c4 e6 3.Nc3 c5 4.cxd5 exd5 5.Nf3 Nc6 6.g3 Nf6 7.Bg2 Be7 8.O-O 
O-O 9.dxc5 Bxc5 10.Bg5 d4 11.Bxf6 Qxf6 12.Nd5 Qd8 13.Nd2 Bg4 14.Rc1 d3 15.
Qa4 dxe2 16.Rfe1 Ne5 17.Rxc5 Nd3 18.Qxg4 Nxe1 19.Qxe2 Nxg2 20.Kxg2 Re8 21.
Qb5 b6 22.Rc7 Qg5 23.Ne7+ 1-0

[Event "POL-chT3"]
[Site "Jastrzebia Gora POL"]
[Date "2015.??.??"]
[Round "9.95"]
[White "Stolarczyk, Adam"]
[Black "Popiol, Michal"]
[Result "0-1"]
[WhiteElo "2160"]
[BlackElo "1931"]
[EventDate "2015.??.??"]
[WhiteTitle "k"]
[BlackTitle "II+"]

1.e4 e6 2.d4 d5 3.e5 c5 4.Nf3 cxd4 5.Bd3 Nc6 6.O-O Nge7 7.Bf4 Qb6 8.b3 Bd7
9.a3 h6 10.h4 a5 11.h5 a4 12.b4 Na7 13.Be2 Bb5 14.Nxd4 Bxe2 15.Nxe2 Nb5 
16.Qd3 Nf5 17.Nd2 Rd8 18.Nf3 Be7 19.c4 dxc4 20.Qxc4 O-O 21.Qe4 Rd5 22.g4 
Nh4 23.Nxh4 Bxh4 24.Be3 Qd8 25.f4 Qe7 26.Rfc1 Rfd8 27.Qc2 Qd7 28.Bb6 Rd2 
29.Qc4 Re8 30.Be3 Rd3 31.Qe4 Rd8 32.Bb6 Qd5 33.Rc4 Ra8 34.Qxd5 exd5 35.Rc5
Nxa3 36.Rc3 Rxc3 37.Nxc3 Nc2 38.Rxa4 Rxa4 39.Nxa4 Nxb4 40.Nc5 d4 41.Nxb7 
d3 42.Be3 Be1 43.Kf1 Bc3 44.Nc5 Nd5 45.Nxd3 Nxe3+ 46.Ke2 Nxg4 47.Kf3 f5 
48.Nc1 Kf7 49.Ne2 Bb2 50.Ng3 Ke6 51.Ne2 Ba1 52.Ng3 Bd4 53.Ne2 Bc5 0-1

[Event "POL-chT3"]
[Site "Jastrzebia Gora POL"]
[Date "2015.??.??"]
[Round "9.96"]
[White "Wesolowska, Hanna"]
[Black "Pyzewska, Ewelina"]
[Result "1-0"]
[WhiteElo "1994"]
[BlackElo "1316"]
[EventDate "2015.??.??"]
[WhiteTitle "WFM"]
[BlackTitle "II"]

1.d4 Nf6 2.Nf3 g6 3.h3 Bg7 4.Bf4 d6 5.e3 a6 6.Nbd2 O-O 7.Be2 b5 8.c3 Bb7 
9.Qc2 Nbd7 10.O-O c5 11.Bh2 Qb6 12.b3 Rfe8 13.Rfd1 Rac8 14.Qb2 Rc6 15.Rac1
Rec8 16.dxc5 Nxc5 17.Qb1 Nfe4 18.Nxe4 Nxe4 19.Qxe4 Rxc3 20.Rxc3 Bxe4 21.
Rxc8+ Bf8 22.Rdc1 Bb7 23.Rb8 Qa7 24.Re8 f6 25.Nd4 Kf7 26.Rd8 Qb6 27.Rd7 
Ke8 28.Rdc7 e5 29.Bf3 d5 30.Ne2 h6 31.Rh7 Bc6 32.Bxd5 Bd7 33.Bf7+ Kd8 34.
Bxg6 f5 35.Rd1 1-0

[Event "POL-chT3"]
[Site "Jastrzebia Gora POL"]
[Date "2015.??.??"]
[Round "9.97"]
[White "Maciol, Ryszard"]
[Black "Gierulski, Kamil"]
[Result "1/2-1/2"]
[WhiteElo "2205"]
[BlackElo "2145"]
[EventDate "2015.??.??"]
[WhiteTitle "k"]
[BlackTitle "k"]

1.d4 Nf6 2.c4 e6 3.a3 b6 4.Bg5 Bb7 5.e3 Be7 6.Nf3 O-O 7.Bd3 c5 8.O-O cxd4 
9.Nxd4 d5 10.Nc3 Nc6 11.Nxc6 Bxc6 12.cxd5 Nxd5 13.Bxe7 Qxe7 14.Nxd5 Bxd5 
15.Qh5 h6 16.Rac1 Rfd8 17.Rc3 Bb7 18.Rfc1 Rd7 19.Bb5 Rd5 20.Qe2 Qg5 21.f4 
Qd8 22.R3c2 Rd6 23.h3 Be4 24.Bc6 Bxc6 25.Rxc6 Rxc6 26.Rxc6 Rc8 27.Rxc8 
Qxc8 28.Qd2 Qc7 29.Qd4 f6 30.Kh2 Kf7 31.Qd3 Qe7 32.Qd4 Qc7 33.Qd3 Qe7 34.
Qd4 1/2-1/2

[Event "POL-chT3"]
[Site "Jastrzebia Gora POL"]
[Date "2015.??.??"]
[Round "9.98"]
[White "Chmiel, Marcin"]
[Black "Fudalej, Michal"]
[Result "1/2-1/2"]
[WhiteElo "2086"]
[BlackElo "2215"]
[EventDate "2015.??.??"]
[WhiteTitle "I++"]
[BlackTitle "FM"]

1.d4 Nf6 2.c4 g6 3.Nc3 Bg7 4.Nf3 O-O 5.Bg5 d6 6.e3 b6 7.h3 Bb7 8.Be2 Nbd7 
9.O-O h6 10.Bh4 a6 11.Qc2 e5 12.dxe5 dxe5 13.Rfd1 e4 14.Ne5 Qe8 15.Nxd7 
Nxd7 16.Nd5 Bxd5 17.Rxd5 f5 18.Rad1 Ne5 19.Bg3 g5 20.Bh2 Kh8 21.c5 b5 22.
c6 Qxc6 23.Rc5 Qe6 24.Rxc7 Rac8 25.b3 Rxc7 26.Qxc7 Rc8 27.Rd8+ Rxd8 28.
Qxd8+ Kh7 29.Qc7 Nd3 30.Bd6 Kg6 31.g3 Qf6 32.Qd7 Nc1 33.Bh5+ Kh7 34.Bf7 
Nd3 35.Be6 h5 36.Bxf5+ Kh6 37.Qe6 Qxe6 38.Bxe6 Kg6 39.g4 hxg4 40.hxg4 Nc1 
41.a4 Bc3 42.Bd5 Kf6 43.Kf1 b4 44.a5 Bd2 45.Bc4 Bc3 46.Bc5 Nd3 47.Bd4+ Ne5
48.Bxe5+ Bxe5 49.Bd5 Bc7 50.Bxe4 Bxa5 51.f4 gxf4 52.exf4 Bc7 53.g5+ Kg7 
54.f5 Bf4 55.f6+ Kf7 56.Bd5+ Kg6 57.f7 Bd6 1/2-1/2

[Event "POL-chT3"]
[Site "Jastrzebia Gora POL"]
[Date "2015.??.??"]
[Round "9.101"]
[White "Lozynski, Kamil"]
[Black "Wasik, Roman"]
[Result "1-0"]
[WhiteElo "1903"]
[BlackElo "1531"]
[EventDate "2015.??.??"]
[WhiteTitle "I"]
[BlackTitle "II+"]

1.d4 Nf6 2.Nc3 g6 3.e4 d6 4.f4 Bg7 5.Nf3 O-O 6.Bd3 c5 7.d5 e6 8.dxe6 Bxe6 
9.O-O c4 10.Be2 Qb6+ 11.Qd4 Qc6 12.e5 Ng4 13.Qxd6 Qxd6 14.exd6 Nc6 15.h3 
Nf6 16.Be3 a6 17.Nd4 Nxd4 18.Bxd4 b5 19.Bf3 Rad8 20.Bb6 Rd7 21.Rad1 Ne8 
22.Bc5 Bh6 23.Bc6 Rd8 24.d7 Nf6 25.Bxf8 Bxf8 26.Ne4 Nxe4 27.Bxe4 Bc5+ 28.
Kh2 Kf8 29.Rfe1 a5 30.g4 b4 31.f5 b3 32.axb3 gxf5 33.gxf5 Bxd7 34.Bc6 cxb3
35.Rxd7 Rb8 36.c4 1-0

[Event "POL-chT3"]
[Site "Jastrzebia Gora POL"]
[Date "2015.??.??"]
[Round "9.102"]
[White "Wasik, Justyna"]
[Black "Botor, Michalina"]
[Result "0-1"]
[WhiteElo "1369"]
[BlackElo "1813"]
[EventDate "2015.??.??"]
[WhiteTitle "I"]
[BlackTitle "I++"]

1.Nf3 d5 2.d4 Nf6 3.c4 e6 4.Nc3 c6 5.e3 Be7 6.Be2 O-O 7.Bd2 Nbd7 8.Qc2 
dxc4 9.Bxc4 b5 10.Bd3 Bb7 11.e4 h6 12.Qc1 h5 13.Rg1 c5 14.e5 cxd4 15.Bh6 
Ng4 16.h3 Nxh6 17.g4 h4 18.g5 Nf5 19.Bxf5 exf5 20.Nxd4 Nxe5 21.Qe3 Qxd4 
22.Qxd4 Nf3+ 23.Kf1 Nxd4 24.Rd1 Nf3 25.Rg2 Rad8 26.Rc1 Nd2+ 27.Kg1 Bxg2 
28.Kxg2 Ne4 0-1

[Event "POL-chT3"]
[Site "Jastrzebia Gora POL"]
[Date "2015.??.??"]
[Round "9.103"]
[White "Niekras, Dawid"]
[Black "Maj, Pawel"]
[Result "1-0"]
[WhiteElo "2097"]
[BlackElo "2078"]
[EventDate "2015.??.??"]
[WhiteTitle "k"]
[BlackTitle "k"]

1.e4 c5 2.Nf3 d6 3.d4 cxd4 4.Nxd4 Nf6 5.Nc3 a6 6.Bc4 e6 7.Bb3 Nbd7 8.O-O 
Nc5 9.Qe2 Be7 10.f4 Qc7 11.Kh1 b5 12.e5 dxe5 13.fxe5 Nfd7 14.Nd5 exd5 15.
Bxd5 O-O 16.Bf4 Nb6 17.e6 Bd6 18.Bxd6 Qxd6 19.Nf5 Qxd5 20.Ne7+ Kh8 21.Nxd5
Nxd5 22.c4 Nf6 23.e7 Re8 24.Rxf6 gxf6 25.Qf3 Ra7 26.Qxf6+ Kg8 27.Qg5+ Kh8 
28.Qxc5 Raxe7 29.h3 bxc4 30.Rf1 f5 31.Qxc4 h6 32.Kh2 Rg8 33.Qh4 1-0

[Event "POL-chT3"]
[Site "Jastrzebia Gora POL"]
[Date "2015.??.??"]
[Round "9.104"]
[White "Pajak, Jakub"]
[Black "Bajerlein, Dawid"]
[Result "0-1"]
[WhiteElo "1812"]
[BlackElo "2060"]
[EventDate "2015.??.??"]
[WhiteTitle "I+"]
[BlackTitle "k"]

1.e4 c6 2.d4 d5 3.exd5 cxd5 4.Bd3 Nc6 5.c3 Nf6 6.Nf3 Bg4 7.h3 Bh5 8.O-O e6
9.Be2 Qc7 10.Re1 Bd6 11.Ne5 Bxe2 12.Qxe2 O-O 13.Bf4 Rab8 14.Nd2 b5 15.Nxc6
Qxc6 16.Bxd6 Qxd6 17.a3 a5 18.Nb3 b4 19.axb4 axb4 20.Nc5 bxc3 21.bxc3 Rfc8
22.Ra6 Rc6 23.Ra7 Rcb6 24.g3 Rb2 25.Qd3 Qb6 26.Rea1 Rb1+ 27.Kg2 Rxa1 28.
Rxa1 h6 29.Ra6 Qc7 30.Ra2 Rc8 31.Qb5 Ne4 32.Nxe4 dxe4 33.Rc2 Qc4 34.Qxc4 
Rxc4 35.g4 f5 36.Kg3 g5 37.f3 f4+ 38.Kf2 e3+ 39.Ke2 Kf7 40.Kd3 Ra4 41.h4 
Ra1 42.hxg5 hxg5 43.Ke2 Rh1 44.c4 Rh2+ 45.Kd3 Rxc2 46.Kxc2 Ke7 47.Kd3 Kd6 
48.Ke2 Kc6 49.Kd3 Kb6 50.Kc2 Ka5 51.Kc3 Ka4 52.Kc2 Kb4 53.Kd3 e2 54.Kxe2 
Kxc4 55.Kd2 Kxd4 56.Ke2 Kc3 0-1

[Event "POL-chT3"]
[Site "Jastrzebia Gora POL"]
[Date "2015.??.??"]
[Round "9.105"]
[White "Bernat, Marcin"]
[Black "Koziol, Pawel"]
[Result "1-0"]
[WhiteElo "2105"]
[BlackElo "1927"]
[EventDate "2015.??.??"]
[WhiteTitle "k"]
[BlackTitle "I++"]

1.d4 Nf6 2.c4 g6 3.Nc3 Bg7 4.e4 d6 5.f3 e5 6.d5 O-O 7.Be3 Nh5 8.Nge2 f5 9.
Qd2 a6 10.O-O-O Nd7 11.Kb1 Ndf6 12.h3 f4 13.Bf2 Bd7 14.c5 Re8 15.cxd6 cxd6
16.Nc1 Ng3 17.Rg1 Nxf1 18.Rgxf1 Bf8 19.Nb3 Be7 20.Rc1 Qb8 21.Rc2 Bd8 22.
Rfc1 b5 23.Nd1 a5 24.Qd3 Rf8 25.Nd2 a4 26.b4 Qb7 27.Kb2 Ne8 28.Nb1 Rb8 29.
Qf1 Rf7 30.Rc3 g5 31.R1c2 h5 32.Qg1 Rg7 33.Qf1 Nf6 34.Nd2 Nh7 35.Kb1 Nf8 
36.Nb2 Ng6 37.Nd3 Ne7 38.Nc5 dxc5 39.bxc5 Bc6 40.dxc6 Nxc6 41.Rb2 Ba5 42.
Rd3 Nb4 43.Rd6 Nc6 44.Qd3 Bxd2 45.Rxd2 Rc8 46.Qd5+ Kh7 47.Qe6 b4 48.Rd7 
Rc7 49.Qf5+ Kh8 50.Rd8+ Nxd8 51.Rxd8+ Rg8 52.Qxe5+ Rg7 53.Rd6 Kh7 54.Qf5+ 
Rg6 55.Rd7+ 1-0

[Event "POL-chT3"]
[Site "Jastrzebia Gora POL"]
[Date "2015.??.??"]
[Round "9.106"]
[White "Herman, Monika"]
[Black "Hemmerling, Jaroslaw"]
[Result "0-1"]
[WhiteElo "1735"]
[BlackElo "1971"]
[EventDate "2015.??.??"]
[WhiteTitle "I++"]
[BlackTitle "I+"]

1.e4 e6 2.d3 d5 3.Nd2 c5 4.Ngf3 Nc6 5.g3 Nf6 6.Bg2 Be7 7.O-O O-O 8.Re1 Qc7
9.c3 b6 10.Qe2 dxe4 11.dxe4 Bb7 12.e5 Nd7 13.Nf1 Na5 14.h4 c4 15.N1h2 Nc5 
16.Ng4 Nd3 17.Rd1 Nxc1 18.Raxc1 Rfd8 19.Ng5 Rxd1+ 20.Rxd1 Bxg2 21.Kxg2 
Qc6+ 22.Kh2 h6 23.Ne4 Qc7 24.Qf3 Rd8 25.Rxd8+ Qxd8 26.Ne3 Qd3 27.Qg4 Nc6 
28.Nf6+ Kf8 29.Nh5 g6 30.Nf4 Nxe5 31.Nxd3 Nxg4+ 32.Nxg4 cxd3 33.Ne3 Bc5 
34.Nd1 e5 35.Kg2 e4 36.b4 Bd6 37.f3 f5 38.f4 Ke7 39.Kf2 Kf6 40.a4 g5 41.
hxg5+ hxg5 42.fxg5+ Kxg5 43.b5 Bc5+ 44.Ke1 Kg4 45.Nb2 Kxg3 46.Kd2 f4 47.
Nd1 f3 0-1

[Event "POL-chT3"]
[Site "Jastrzebia Gora POL"]
[Date "2015.??.??"]
[Round "9.107"]
[White "Rozumek, Krzysztof"]
[Black "Baranska, Monika"]
[Result "1/2-1/2"]
[WhiteElo "1936"]
[BlackElo "1686"]
[EventDate "2015.??.??"]
[WhiteTitle "I++"]
[BlackTitle "I++"]

1.Nf3 d5 2.b3 c5 3.Bb2 Nc6 4.e3 a6 5.d4 cxd4 6.exd4 Nf6 7.Bd3 Bg4 8.O-O e6
9.Be2 Bd6 10.Nbd2 O-O 11.c4 Rc8 12.Rc1 Ne7 13.Re1 Ng6 14.Nf1 Nf4 15.h3 
Bxh3 16.Ne3 Bxg2 17.Nxg2 Nh3+ 18.Kf1 Ng4 19.Bd3 Qf6 20.Rc2 Bb4 21.Ne3 Qxf3
22.Nxg4 Qh1+ 23.Ke2 Nf4+ 24.Ke3 Ng2+ 25.Ke2 Nxe1 26.Bc3 Bxc3 27.Rxc3 Qg1 
28.Bxh7+ Kh8 29.Rg3 Qh1 30.Bd3 dxc4 31.bxc4 Rfd8 32.Ne5 Qh5+ 33.Kxe1 Qxd1+
34.Kxd1 Kg8 35.Nf3 e5 36.Nxe5 Rxd4 37.Ke2 Re8 38.Re3 Rh4 39.Nf3 Rxe3+ 40.
Kxe3 Rh5 41.a4 Ra5 42.Bc2 Rc5 43.Kd4 b6 44.Ne5 a5 45.Be4 Rc7 46.Bd5 Kf8 
47.Bxf7 Ke7 48.Bd5 Kd6 49.Nf7+ Ke7 50.Ke5 Rd7 51.Ng5 Rd6 52.Ne6 g6 53.f3 
Rd7 54.Nf4 Rd6 55.Be4 g5 56.Nd5+ Kd7 57.Nf6+ Ke7 58.Ng8+ Kd7 59.Bd5 Rg6 
60.Kf5 Rg7 61.Kf6 Rh7 62.Kxg5 Rh2 63.f4 Ra2 64.c5 Rxa4 65.cxb6 Rb4 66.Nf6+
Kd6 67.b7 a4 68.f5 a3 69.Be6 Rxb7 70.Ne4+ Ke5 71.Nc3 Rg7+ 72.Kh6 Re7 
1/2-1/2

[Event "POL-chT3"]
[Site "Jastrzebia Gora POL"]
[Date "2015.??.??"]
[Round "9.108"]
[White "Bartczak, Hanna"]
[Black "Debowiak, Arleta"]
[Result "0-1"]
[WhiteElo "1551"]
[BlackElo "1854"]
[EventDate "2015.??.??"]
[WhiteTitle "I"]
[BlackTitle "k"]

1.d4 g6 2.c4 Bg7 3.Nf3 d6 4.Nc3 Nf6 5.Bf4 O-O 6.e3 Nfd7 7.h3 e5 8.dxe5 
dxe5 9.Bg3 c6 10.Qd2 Qe7 11.Be2 Na6 12.O-O Ndc5 13.Rad1 Bf5 14.Qd6 Qxd6 
15.Rxd6 Rfe8 16.Rfd1 f6 17.Ne1 Kf7 18.R6d2 Bf8 19.f3 Ke7 20.e4 Be6 21.Bf2 
Bh6 22.Rd6 Bf7 23.Nc2 Red8 24.Rxd8 Rxd8 25.Rxd8 Kxd8 26.b4 Ne6 27.b5 Nac5 
28.bxc6 bxc6 29.Nb1 Kc7 30.Be1 Nf4 31.Bf1 Nfd3 32.Ba5+ Kd7 33.Nba3 Nc1 34.
Be1 Nxa2 35.Bf2 Kd6 36.Ne3 Nc1 37.Ng4 Bg7 38.Be3 N1b3 39.Be2 f5 40.exf5 
gxf5 41.Nf2 a5 42.Nd3 Be6 43.Nxc5 Nxc5 44.Kf1 e4 45.Bd2 Nb3 46.Be3 Bb2 47.
Bd1 Nc5 48.Nb1 Bxc4+ 49.Ke1 Nd3+ 50.Kd2 Bc1+ 51.Kc3 Bxe3 52.Kxc4 Nb2+ 0-1